Statistics for Lady Gaga Charting Songs (Billboard Hot Dance)

Click here to take the quiz!

General Stats

  • This quiz has been taken 55 times
    (28 since last reset)
  • The average score is 25 of 33

Answer Stats

AlbumWeeks OnPeakArtist(s)Song% Correct
The Fame Monster8 Weeks#6Lady GagaBad Romance
100%
Chromatica57 Weeks#1Lady Gaga & Ariana GrandeRain on Me
100%
Dawn of Chromatica1 Week#23Lady Gaga & Ariana GrandeRain on Me (Arca Remix)
100%
Chromatica26 Weeks#10Lady Gaga911
95%
Dawn of Chromatica2 Weeks#14Lady Gaga & Charli XCX911 (A.G. Cook Remix)
95%
ARTPOP32 Weeks#1Lady GagaApplause
95%
The Fame7 Weeks#11Lady Gaga ft. Colby O'DonisJust Dance
95%
The Fame2 Weeks#17Lady GagaPaparazzi
95%
The Fame8 Weeks#8Lady GagaPoker Face
95%
The Fame Monster5 Weeks#13Lady Gaga ft. BeyonceTelephone
95%
Chromatica26 Weeks#3Lady Gaga & BLACKPINKSour Candy
90%
Dawn of Chromatica1 Week#24Lady Gaga, BLACKPINK & ShygirlSour Candy (Mura Masa Remix)
90%
Chromatica27 Weeks#1Lady GagaStupid Love
90%
Dawn of Chromatica1 Week#27Lady GagaStupid Love (COUCOU CHLOE Remix)
90%
Chromatica20 Weeks#7Lady GagaAlice
76%
Dawn of Chromatica1 Week#26Lady GagaAlice (LSDXOXO Remix)
76%
Chromatica20 Weeks#14Lady Gaga & Elton JohnSine From Above
76%
Dawn of Chromatica1 Week#39Lady Gaga & Elton JohnSine From Above (Chester Lockhart, Mood Killer & Lil Texas Remix)
76%
Chromatica13 Weeks#13Lady GagaEnigma
71%
Chromatica20 Weeks#16Lady GagaReplay
71%
Dawn of Chromatica1 Week#28Lady GagaReplay (Dorian Electra Remix)
71%
Chromatica20 Weeks#10Lady GagaFree Woman
67%
Dawn of Chromatica1 Week#20Lady Gaga & Rina SawayamaFree Woman (Clarence Clarity Remix)
67%
Chromatica15 Weeks#15Lady GagaPlastic Doll
67%
ARTPOP10 Weeks#13Lady GagaVenus
67%
Chromatica11 Weeks#17Lady GagaBabylon
62%
Dawn of Chromatica1 Week#30Lady GagaBabylon (Haus Labs Version)
62%
Chromatica7 Weeks#18Lady Gaga1000 Doves
57%
Chromatica15 Weeks#12Lady GagaFun Tonight
57%
ARTPOP6 Weeks#14Lady GagaAura
43%
ARTPOP4 Weeks#21Lady GagaDonatella
43%
ARTPOP2 Weeks#23Lady GagaSwine
38%
It's About Time1 Week#39Chic ft. Lady GagaI Want Your Love
29%

Score Distribution

Percentile by Number Answered

Percent of People with Each Score

Your Score History

You have not taken this quiz since the last reset